Mapping of arsenic content and distribution in groundwater in the Southeast Pampa, Argentina /
Guardado en:
| Autor Principal: | |
|---|---|
| Otros Autores: | , |
| Formato: | Artículo |
| Idioma: | Undetermined |
| Publicado: |
Denver, CO :
National Environmental Health Association,
2005.
|
| Etiquetas: |
Agregar Etiqueta
Sin Etiquetas, Sea el primero en etiquetar este registro!
|
| LEADER | 00685nab a22001575a 4500 | ||
|---|---|---|---|
| 001 | EEA.libagro010116 | ||
| 005 | 20180419114308.0 | ||
| 008 | 140901s2005####xx############0###0#und#d | ||
| 082 | 0 | 4 | |a 615.902 |
| 100 | 1 | |a Paoloni, Juan Darío. | |
| 245 | 1 | 0 | |a Mapping of arsenic content and distribution in groundwater in the Southeast Pampa, Argentina / |c J. D. Paoloni, M. E. Sequeira, C. E. Fiorentino. |
| 260 | |a Denver, CO : |b National Environmental Health Association, |c 2005. | ||
| 700 | 1 | |a Sequeira, Mario E. | |
| 700 | 1 | |a Fiorentino, Carmen E. | |
| 773 | 0 | |7 ||as |t Journal of Environmental Health |x 0022-0892 |g Vol. 67, no. 8 (April 2005), p. 50-53 | |
| 859 | |a AR-BbBCA |b BIB. AGRONOMIA |h 615.902 |i P212 |p 2007/5234 | ||
